000 00773nam a2200265Ia 4500
003 OSt
005 20220928102612.0
006 a|||||r|||| 00| 0
007 ta
008 220927b |||||||| |||| 00| 0 hin d
020 _cINR 350.00
024 _a144773
037 _b105, 15/03/2021, Radhika Books
_cTextual
040 _aSDCL
_cSDCL
_bhin
041 _2hin
_ahin
082 _aO152,1I80:g, R0
100 _aMishra Avdhesh Ed.
_9399258
245 0 _aJayasi
260 _aNew Delhi
_bAnanya Publication India
_c2020
300 _a168p.
_ccm.
490 _aDusra Path : Mulyankan Mala 5
650 _aHindi
_9391598
942 _hO152,1I80:g, R0
_cTEXL
_2CC
999 _c715119
_d715119